| 000 | 01102nam a22002297a 4500 | ||
|---|---|---|---|
| 003 | MN-UlNLM | ||
| 005 | 20220902165454.0 | ||
| 008 | 180510t2017 mp ||||| |||| 00| 0 mon d | ||
| 020 | _a978-99978-835-7-5 | ||
| 040 | _aМонгол Улсын Үндэсний номын сан | ||
| 084 |
_2NNA _a82.3(5Мон) _bГ 161 _q82 |
||
| 245 | 0 |
_aГазар нутаг уул усны домог _cЭмхт. Г.Сүлд-Эрдэнэ _cХян. Ч.Наранцэцэг |
|
| 260 | 1 |
_aУБ _bАнд хэвл _c2017 |
|
| 300 | _a304х | ||
| 500 | _aТаны гэр бүлийн номын санд: Домог уншаад өгөөч | ||
| 546 | _aMongolia | ||
| 653 | _aАрдын аман зохиол, утга зохиол | ||
| 740 |
_aАвдрант хад. _aАйдасын даваа. _aАмарбаясгалант. _aАх дүү хоёр овооны домог. _aБаавшийн арал. _aБандийн хутаг. _aБодийн гол. _aБошлий хад. _aГурван цэнхэр. _aГэлэн цохио. _aСанзайн амралт. |
||
| 856 | _aprintbook | ||
| 942 | _cBK | ||
| 999 |
_c81556 _d81613 |
||